000 00472nam a2200193Ia 4500
003 OSt
005 20250818104204.0
008 250729s2005 xx 000 0 und d
040 _cAL
041 _aeng
082 _a371.2 PART
100 _aKhan Mahood Ahmad
_9221383
245 _aSchool teaching
260 _aNew Delhi
_bMac Millan India Ltd
_c2005
300 _a316p
650 _aEducation
_9221384
700 _aAkbar Suied Rashid
_9221385
942 _2ddc
_cBED
999 _c234984
_d234984